00514 2200205 4500001002100000005001500021035002000036007000300056008004100059020001800100082001000118084001700128100001700145245004100162260003600203300002800239650001500267504001600282990001000298INLIS00000000000220420250310083320 a0010-0325000237ta250310 g 1 ind  a979-407-356-3 aF/813 aF/813 DJU s0 aDjumri Obeng1 aSuku Dayak. :bFiksi /cDjumri Obeng aJakarta :bBalai Pustaka,c1995 a38 hlm :bilus ;c21 cm 4aSuku Dayak aBibliografi a03953